00998nac a22002651u 4500010001600000020002300016020001500039082001900054090001500073100003400088245004300122260003100165300003400196500003700230504005100267650001500318856008800333856007400421942003000495999001500525336002600540337002800566338002700594952011100621 a 91004192 a0471517615 (cloth) a047155914800a541.395bG2591 c4483d4483 aGates, Bruce C. 10aCatalytic chemistry /cBruce C. Gates. aNew York :bWiley,cc1992. axxi, 458 p. :bill. ;c25 cm. aincludes chemical table elements aIncludes bibliographical references and index. 0aCatalysis.423Publisher descriptionuhttp://www.loc.gov/catdir/description/wiley032/91004192.html423Table of Contentsuhttp://www.loc.gov/catdir/toc/onix02/91004192.html cBBk541.395G2591hRDA-MOD c4483d4483 2rdacontentatextbtxt aunmediated2rdamediabn avolumebnc2rdacarrier 00102ddc4070aMAINbMAINc1STd2007-09-09ePurchasel0o541.395 GATp000005326r2025-07-15 00:00:00yBB